Basic surveying / (Record no. 173147)

MARC details
000 -LEADER
fixed length control field 00669nam a2200229 a 4500
001 - CONTROL NUMBER
control field vtls001173360
003 - CONTROL NUMBER IDENTIFIER
control field MY-SjTCS
005 - DATE AND TIME OF LATEST TRANSACTION
control field 20200226120923.0
008 - FIXED-LENGTH DATA ELEMENTS--GENERAL INFORMATION
fixed length control field 110218s1997 enka 000 0 eng
020 ## - INTERNATIONAL STANDARD BOOK NUMBER
International Standard Book Number 0750617713
039 #9 - LEVEL OF BIBLIOGRAPHIC CONTROL AND CODING DETAIL [OBSOLETE]
Level of rules in bibliographic description 201208241739
Level of effort used to assign nonsubject heading access points wilmina
Level of effort used to assign subject headings 201102181450
Level of effort used to assign classification VLOAD
-- 200407271847
-- VLOAD
082 04 - DEWEY DECIMAL CLASSIFICATION NUMBER
Classification number 526.9
Item number WHY
100 1# - MAIN ENTRY--PERSONAL NAME
Personal name Whyte, W. S.
Fuller form of name (Walter S.)
9 (RLIN) 6397
245 10 - TITLE STATEMENT
Title Basic surveying /
Statement of responsibility, etc. W.S. Whyte and R.E. Paul.
250 ## - EDITION STATEMENT
Edition statement 4th ed.
260 ## - PUBLICATION, DISTRIBUTION, ETC.
Place of publication, distribution, etc. Oxford :
Name of publisher, distributor, etc. Laxton's,
Date of publication, distribution, etc. 1997.
300 ## - PHYSICAL DESCRIPTION
Extent ix, 335 p. :
Other physical details ill. ;
Dimensions 24 cm.
650 #0 - SUBJECT ADDED ENTRY--TOPICAL TERM
Topical term or geographic name entry element Metric system.
650 #0 - SUBJECT ADDED ENTRY--TOPICAL TERM
Topical term or geographic name entry element Surveying.
9 (RLIN) 5287
700 1# - ADDED ENTRY--PERSONAL NAME
Personal name Paul, R. E.
9 (RLIN) 6398
920 ## - Programme
Programme SABD : 521459
Holdings
Withdrawn status Lost status Source of classification or shelving scheme Damaged status Not for loan Collection code Home library Current library Date acquired Total Checkouts Barcode Date last seen Date last checked out Copy number Koha item type Public note
Withdrawn   Dewey Decimal Classification     Please fill up online form at https://taylorslibrary.taylors.edu.my/services/external_storage1 Taylor's Library-TU TU External Storage-LCS 27/07/2004 2 1000101379 12/12/2019 23/04/2014 1 Main Collection SABDx,23002,03,GR